Countries of Asia Picture Quiz - Statistics

General Stats
  • This quiz has been taken 113 times
  • The average score is 25 of 48
Answer Stats
Picture Answer % Correct
China
96%
Japan
96%
South Korea
86%
India
78%
Taiwan
75%
North Korea
68%
Malaysia
64%
Mongolia
64%
Jordan
61%
Turkey
61%
Israel
60%
Maldives
60%
United Arab Emirates
60%
Bangladesh
59%
Bhutan
59%
Saudi Arabia
59%
Nepal
56%
Iraq
55%
Laos
54%
Singapore
54%
Kuwait
49%
Tajikistan
49%
Thailand
49%
Uzbekistan
48%
Vietnam
48%
Pakistan
46%
Azerbaijan
45%
Brunei
45%
Lebanon
45%
Yemen
45%
Iran
44%
Armenia
43%
Kazakhstan
43%
Myanmar
43%
Turkmenistan
43%
Indonesia
41%
Kyrgyzstan
41%
Oman
40%
Sri Lanka
40%
Syria
40%
Cambodia
39%
Cyprus
39%
Philippines
39%
Afghanistan
38%
Georgia
38%
Qatar
38%
East Timor
36%
Bahrain
35%
No matching quizzes found
Score Distribution
Percent of People with Each Score
Percentile by Number Answered
Your Score History
You have not taken this quiz